000 00847caa a22002417a 4500
999 _c412624
_d412624
001 125375
003 UA-OsUOA
005 20200114103921.0
007 ta
008 20170914b un ||||| |||| 00| 0 ukr d
040 _aUA-OsUOA
_bukr
_cUA-OsUOA
_dUA-OsUOA
041 _aukr
080 _a908
090 _a908
_bБ46
100 _aБендза М.
245 _aКнязь Костянтин Острозький і Берестейська унія 1596 року
_cМ. Бендза
300 _aС. 128–150
650 7 _a908 Краєзнавство
_2UDC
773 0 _0401068
_9417464
_dОстрог НаУОА 2008
_o149732
_tНаукові записки. Історичні науки
_w(UA-OsUOA) 114839
_z966-7631-62-1
942 _cBKA
_2udc
955 _a1